000 01404cam a2200313 i 4500
001 109953
005 20230410103843.0
008 130513b2012 caua 000 0 eng
020 _a9781931368278
041 0 _aeng
049 _aGRAL
050 1 4 _a409 DS 910.2
_bI31p 2012
100 1 _aIm, Tong-won
245 1 0 _aPeacemaker :
_btwenty years of inter-Korean relations and the North Korean nuclear issue /
_cby Lim Dong-won.
260 _aStanford, CA :
_bWalter H. Shorenstein Asia-Pacific Research Center,
_c2012
300 _axix, 415 p. :
_bill., cartes ;
_c23 cm.
500 _aPublicado originalmente en Corea en 2008.
505 8 _aPart I, Inter-Korean summit, 2000 -- Part II, The search for new inter-Korean relations, 1989-1993 -- Part III, Sunshine Policy -- Part IV, Unfinished mission -- Appendix: essential documents
651 0 _aKorea (South)
_xForeign relations
_zKorea (North)
651 0 _aKorea (North)
_xForeign relations
_zKorea (South).
651 0 _aKorean reunification question (1945- )
651 4 _aCorea del Norte
_xRelaciones exteriores
_zCorea del Sur.
651 4 _aCorea del Sur
_xRelaciones exteriores
_zCorea del Norte.
651 4 _aCorea del Sur
_xPolítica y gobierno
_ySiglo XX.
651 4 _aCorea del Norte
_xPolítica y gobierno
_ySiglo XX.
700 1 _aThe Walter H. Shorenstein Asia-Pacific Research Center.
942 _2lcc
_cbk
946 _aYSL
999 _c27117
_d27117